[Event "Bremen-ch"]
[Site "Bremen"]
[Date "2019.04.16"]
[Round "5.32"]
[White "Brueggmann, Werner"]
[Black "Salm, Andreas"]
[Result "1-0"]
[WhiteElo "1269"]
[BlackElo "1401"]
[PlyCount "145"]
[EventDate "2019.04.13"]
[EventType "swiss"]
[EventRounds "9"]
[EventCountry "GER"]
[SourceTitle "EXT 2020"]
[Source "ChessBase"]
[SourceDate "2019.10.17"]
[SourceVersion "1"]
[SourceVersionDate "2019.10.17"]
[SourceQuality "1"]

1. e4 d5 2. exd5 Qxd5 3. Nf3 Bg4 4. Be2 Nf6 5. Nc3 Qa5 6. 0-0 e6 7. d3 Bb4 8. Bd2 c6 9. a3 Bxc3 10. Bxc3 Qh5 11. Bxf6 gxf6 12. Nd4 Bxe2 13. Nxe2 Nd7 14. Qd2 Rg8 15. Ng3 Qg5 16. Qb4 b6 17. Qe4 Rc8 18. d4 f5 19. Qf3 Nf6 20. c4 Ne4 21. Nxe4 fxe4 22. Qxe4 Kf8 23. Rad1 f5 24. Qf3 Rc7 25. Kh1 Rcg7 26. g3 Rc7 27. Rfe1 Rg6 28. Re5 h5 29. h4 Qg4 30. Qxg4 hxg4 31. Kg2 Kf7 32. Re2 Rh6 33. b4 a6 34. Red2 b5 35. Rc2 Ra7 36. d5 exd5 37. cxd5 Rd6 38. Rcd2 cxd5 39. Rxd5 Rxd5 40. Rxd5 Ke6 41. Rc5 Kf6 42. f3 a5 43. fxg4 fxg4 44. bxa5 Rxa5 45. Rc3 Ra4 46. Rb3 Ra5 47. Kf2 Ra4 48. Ke3 Kg6 49. Kd3 Kh6 50. Kc3 Rc4+ 51. Kb2 Re4 52. Rxb5 Re2+ 53. Kc1 Re3 54. a4 Rxg3 55. Rg5 Rc3+ 56. Kb2 Rh3 57. Rxg4 Kh5 58. Rc4 Rd3 59. Rc3 Rd4 60. Kb3 Rxh4 61. Rc5+ Kg6 62. Rc4 Rh5 63. Kb4 Kf7 64. Rc5 Rh1 65. Kb5 Rb1+ 66. Kc6 Ke7 67. Kc7 Ra1 68. a5 Ra2 69. Re5+ Kf6 70. Rb5 Ke7 71. Kb7 Rd2 72. Rc5 Rd7+ 73. Rc7 1-0

[Event "Bremen-ch"]
[Site "Bremen"]
[Date "2019.04.15"]
[Round "4.29"]
[White "Giss, Alexander"]
[Black "Brueggmann, Werner"]
[Result "1-0"]
[WhiteElo "1560"]
[BlackElo "1269"]
[PlyCount "121"]
[EventDate "2019.04.13"]
[EventType "swiss"]
[EventRounds "9"]
[EventCountry "GER"]
[SourceTitle "EXT 2020"]
[Source "ChessBase"]
[SourceDate "2019.10.17"]
[SourceVersion "1"]
[SourceVersionDate "2019.10.17"]
[SourceQuality "1"]

1. c4 e5 2. Nc3 Nf6 3. g3 c6 4. Bg2 Bb4 5. e3 0-0 6. Nge2 Re8 7. 0-0 d5 8. cxd5 cxd5 9. d4 e4 10. Bd2 Ba5 11. Rc1 a6 12. Qb3 Nc6 13. Nf4 Bxc3 14. Rxc3 Qd6 15. Rfc1 g5 16. Ne2 Rb8 17. Rc5 Bd7 18. Nc3 Be6 19. Na4 Qc7 20. Nb6 Qd6 21. Bb4 Nxb4 22. Qxb4 Nd7 23. Nxd7 Bxd7 24. Qb3 Bc6 25. Qd1 Qe6 26. a4 Kg7 27. b4 Rbc8 28. Bf1 b6 29. R5c3 b5 30. Qc2 Bb7 31. axb5 Rxc3 32. Qxc3 Rc8 33. Qb2 axb5 34. Bxb5 Qb6 35. Rxc8 Bxc8 36. Bf1 Bd7 37. Qc3 Kf6 38. Qc5 Qxc5 39. dxc5 Ke7 40. h3 f5 41. Be2 Kd8 42. f4 gxf4 43. gxf4 Kc7 44. Kf2 Be8 45. b5 h6 46. Ke1 Kb7 47. Kd2 Bf7 48. Kc3 Kc7 49. Kd4 Kd7 50. Ke5 Bg6 51. Kxd5 Bf7+ 52. Ke5 Bg6 53. b6 Kc6 54. Bb5+ Kb7 55. Kd6 Bf7 56. Bc6+ Kb8 57. Bd5 Be8 58. c6 Bxc6 59. Kxc6 h5 60. b7 h4 61. Bxe4 1-0

[Event "Bremen-ch op"]
[Site "Bremen"]
[Date "2018.03.27"]
[Round "5"]
[White "Gerken, Juergen"]
[Black "Brueggmann, Werner"]
[Result "1-0"]
[WhiteElo "1668"]
[BlackElo "1226"]
[PlyCount "83"]
[EventDate "2018.03.24"]
[EventType "swiss"]
[EventRounds "9"]
[EventCountry "GER"]
[SourceTitle "EXT 2019"]
[Source "ChessBase"]
[SourceDate "2018.10.10"]
[SourceVersion "1"]
[SourceVersionDate "2018.10.10"]
[SourceQuality "1"]

1. d4 c5 2. d5 e6 3. c4 exd5 4. cxd5 d6 5. Nc3 Nf6 6. e4 Qe7 7. Bd3 h6 8. h3 a6 9. a4 b6 10. Nf3 Nbd7 11. 0-0 g6 12. Be3 Bg7 13. Qd2 Ne5 14. Nxe5 Qxe5 15. f4 Qe7 16. Rae1 0-0 17. Bf2 Qc7 18. e5 dxe5 19. fxe5 Nh7 20. d6 Qd8 21. Bg3 Be6 22. Be4 Rb8 23. h4 Qd7 24. Bf4 Qd8 25. g3 h5 26. Bd5 Qd7 27. Bh6 b5 28. Bxg7 Kxg7 29. axb5 axb5 30. Bxe6 fxe6 31. Ne4 Rxf1+ 32. Rxf1 Rc8 33. Qe3 Qa7 34. Rc1 Nf8 35. Ng5 Qa2 36. Qf2 Qa7 37. Rf1 Qd7 38. Qf6+ Kg8 39. Nf7 Qxf7 40. Qxf7+ Kh8 41. Qxf8+ Rxf8 42. Rxf8+ 1-0